What the Bible teaches. (Record no. 3322)

000 -LEADER
fixed length control field 00569nam a2200181 a 4500
001 - CONTROL NUMBER
control field :::00001052$&:&@@
003 - CONTROL NUMBER IDENTIFIER
control field OkBaRHE
005 - DATE AND TIME OF LATEST TRANSACTION
control field 20000607103241.0
008 - FIXED-LENGTH DATA ELEMENTS--GENERAL INFORMATION
fixed length control field s1987 j 000 0 eng u
040 ## - CATALOGING SOURCE
Transcribing agency
100 1# - MAIN ENTRY--PERSONAL NAME
Personal name Torrey, R. A. (Reuben Archer), 1856-1928.
245 10 - TITLE STATEMENT
Title What the Bible teaches.
260 ## - PUBLICATION, DISTRIBUTION, ETC. (IMPRINT)
Place of publication, distribution, etc Basingstoke, Hants, UK:EN., :
Name of publisher, distributor, etc Marshall Morgan and Scott
Date of publication, distribution, etc 1987
300 ## - PHYSICAL DESCRIPTION
Extent 539 p. ;
Dimensions 23 cm.
650 ## - SUBJECT ADDED ENTRY--TOPICAL TERM
Topical term or geographic name as entry element Bible
General subdivision Theology
942 ## - ADDED ENTRY ELEMENTS (KOHA)
Source of classification or shelving scheme
Koha item type Books
Copies
Not for loan Copy number Koha item type Date last seen Permanent Location Damaged status Date acquired Shelving location Source of classification or shelving scheme Barcode Withdrawn status Full call number Lost status Price effective from
 1Books2010-04-14RHEMA Bible Training College 2010-04-14General Stacks 1052 BS 511 .T5 2010-04-14